Two-Word U.S. City Names Click Quiz - Statistics

General Stats
  • This quiz has been taken 78 times
  • The average score is 15 of 18
Answer Stats
Hint Answer % Correct
Baton Rouge
98%
Palo Alto
94%
Ann Arbor
94%
Corpus Christi
94%
Sioux Falls
92%
Grand Rapids
91%
Coeur d' Alene
88%
Las Cruces
82%
Bowling Green
82%
Menlo Park
77%
Terre Haute
76%
Sault Sainte Marie
76%
Gulf Shores
76%
Chula Vista
76%
El Cajon
71%
Johns Creek
68%
Muscle Shoals
68%
Federal Way
68%
No matching quizzes found
Score Distribution
Percent of People with Each Score
Percentile by Number Answered
Your Score History
You have not taken this quiz